000 00342nam a2200133Ia 4500
008 240624s9999 xx 000 0 und d
041 _aeng
082 _a823 PAT
100 _aPATTERSON JAMES
245 _aMIDDLE SCHOOL GET ME OUT OF HERE
260 _c2012
_aLondon
_bIllustrated by Laura Park
300 _a257p. ; 20cm.
365 _cRS
_b25
999 _c19953
_d19953